000 01147nam a2200301 i 4500
001 bg
100 1 _aBŁASIŃSKI, Henryk
245 1 0 _aMaszyny i aparatura technologiczna przemysłu spożywczego /
_cHenryk Błasiński, K. Wojciech Pyć, Edward Rzyski.
250 _aWyd. 3 zm.
260 _aŁódź :
_bWydaw. PŁ,
_c2001.
300 _a531 s. :
_bil. ;
_c24 cm.
490 1 _aSkrypty dla Szkół Wyższych / Politechnika Łódzka
504 _aBibliogr.
521 _aDla studentów Wydziału Chemii Spożywczej i Biotechnologii, Wydziału Chemicznego oraz Wydz. Inżynierii Procesowej i Ochrony Środowiska.
650 9 _aPrzemysł rolno-spożywczy
_xnarzędzia i maszyny
655 _aPodręczniki akademickie
700 1 _aPYĆ, Kazimierz Wojciech
700 1 _aRZYSKI, Edward
830 0 _aSkrypty dla Szkół Wyższych (Politechnika Łódzka)
020 _a837283041X
040 _cBPK
041 0 _apl
080 _a664:621](075.8)
920 _a83-7283-041-X
942 _cKS
008 s pl f |000 0 pol
999 _c42189
_d42189
856 _uhttp://koha.tu.koszalin.pl/cgi-bin/koha/opac-detail.pl?biblionumber=42189
_yKatalog online BPK